| 000 | 00901nam a2200229Ia 4500 | ||
|---|---|---|---|
| 003 | OSt | ||
| 005 | 20200813152220.0 | ||
| 008 | 191128s2000 ck grl f000 0 spa d | ||
| 020 | _a9588052823 | ||
| 040 |
_aCO-JMCR _cCO-JMCR |
||
| 041 | 0 | _aspa | |
| 082 | 0 | 4 |
_a344.09026 / _bC718l _223 |
| 110 | 1 |
_aColombia. _98040 |
|
| 240 | 1 | 0 | _aLeyes, decretos, etc. |
| 245 | 1 | 0 |
_aLey general de cultura : _bley 397 de 1997 / _cAlberto Sanabria Acevedo, compilador |
| 260 |
_a[Bogotá] : _bImprenta Nacional de Colombia, _c2000 |
||
| 300 |
_a355 páginas ; _c21 cm. |
||
| 505 | 0 | _aPrincipios fundamentales y definiciones -- Patrimonio cultural y nacional -- Del fomento y los estímulos a la creación, a la investigación y a la actividad artística y cultural -- De la gestión cultural | |
| 650 | 1 | 4 |
_aLey fomento _xcultura _zColombia _98729 |
| 650 | 1 | 4 |
_aEstimulos _xcultura _zColombia _98730 |
| 942 |
_2ddc _cBK |
||
| 999 |
_c5899 _d5899 |
||